000 00991 a2200169 4500
003 NUST
005 20221214142558.0
040 _cNust
082 _a306.81,FIE
100 _aFielding J.William
_9104843
245 _aStrange Customs of Courtship and Marriage /
_cWilliam j.Fielding
260 _aLondon
_bSouvenir Press
_c1961
300 _ax,322 p.;
505 _aCurious Mating Customs (Page -14), Modern Survivals of Ancient Customs (Page -23), Kissing Customs (Page -53), Bundling (Page -67), Primitive Marriage Practices (Page -79), Primitive Religious Martial Ideas (Page -97), Marriage Taboos (Page -115), Chastity (Page -134), Child Marriage (Page-8), Matriarchy or the Mothers Family (Page-173), Patriarchy or the Father Family (Page-194), Multiple Marriage (Page-213), Marriage By Capture (Page-238), Marriage By Purchase (Page-257), Trial Marriage (Page-279), Terminus of Marriage (Page-296), Romantic Marriage (Page-310),
650 _amarriage
942 _2ddc
_cBK
_k306.81,FIE
999 _c190585
_d190585